00666nam a2200181 a 450000100100000000500170001000800410002704000250006808200130009310000340010624500540014026000520019430000210024650000740026704900090034195201170035099900170046700002571320200930024007.0110221s1964 xxu r 000 0 spa d aDO-SdBNPbspacBNPHU ann*bnn*1 aRomanenghi, Roberto H.95248110aAnecdotas de actualidad /cRoberto H. Romanenghi. aTexas :bCasa Bautista de Publicaciones,c1964. a111 p. ;c19 cm. aIncluye referencias bibliográficas y notas al pie de las páginas. aBNGR 001054708MOaGRbGRcCTd2011-02-21iLF1l0onn* nn*p25713-10r2020-06-25w2020-06-25y4ZPréstamo en sala c25205d25205